00708nam a22002177a 4500001000500000005001700005020001800022040002900040050001500069082001100084100002000095245008900115250004900204260003700253300003600290490002900326505000700355520008100362521002900443521001800472231220240719090317.0 a9780756657758 aFISKHbengcFISKHdFISKH aPZ7.B38635 a791.43 aBeecroft, Simon aStar wars the clone wars :bStand aside-bounty hunters! /cWritten by Simon Beecroft aFirst published in the United States in 2010 aNew York :bDK Publishing,c2010 a32 pages billustrationsc22 cm aStar Wars The Clone Wars aJ  a"Cad Bane is on an evil mission--will the Jedi be able to stop him in time?" a500 bLexile estimate  aJ bRaz-Plus